000 00777nam a22002297a 4500
008 090120t xxu||||| |||| 00| 0 eng d
020 _c200.00
_a9788128614453
037 _bBlueberry Books
040 _aDPL
_bEnglish
082 _aS
100 _aValdaes, Leslie
245 _aDora saves the day /
_cby Leslie Valdas ; illustrated by Robert Roper
260 _aNew Delhi
_bWisdom Tree
_c2008
270 _a4779/23, Ansari Road, Darya Ganj
_bNew Delhi
_e110 002
300 _aunpaged.
_c23cm.
_bill.
500 _a4 stories in 1 book
650 _aStories
700 _aRoper, Robert
942 _2ddc
_cCH
_hS
_mVAL
999 _c22164
_d22164